00943naa a22002537a 4500001001000000003000900010005001700019007000300036008003400039040005400073041000900127072002000136100001600156111010600172245006100278260003400339500012900373650001100502650001200513650001100525650001000536650001700546773012600563BR9102860BR-BrBNA20240918180724.0ta230509b bl.||||| |||| 00| 0 por d aBR-BrBNAbporcBiblioteca Nacional de Agricultura a(Pt) aE70b1850bG5141 aNeves, G.S.1 a1. Encontro Nacional de Producao e Abastecimento de TomatecVicosa, MG (Brazil)d28 Aug - 01 Sep 19891 aIndicadores de acompanhamento e informacoes conjunturais3 aVicosa, MG (Brasil): c1989.  aAnais do 1. Encontro Nacional de Producao e Abastecimento de Tomate Vicosa, MG (Brasil): 1989. p. 126-130 (BR9102860-AM)E70  aTOMATE aMERCADO aOFERTA aPRECO aMINAS GERAIS0 tAnais do 1. Encontro Nacional de Producao e Abastecimento de TomatewE70 BR9102860gVicosa, MG (Brasil), 1989. p. 126-130